|
|
แสดงรายละเอียดบรรณานุกรม |
|
|
Brief Record
: Get Marc (ISO 2709)
: E-mail record
: |
|
|
| LEADER 00000nama 2200000uu 4500 | |||
| 001 181676 | |||
| 003 ULIBM | |||
| 008 040531s1998 th m m a000 0 tha d | |||
| 020 081-514-421-0 | |||
| 041 eng | |||
| 050 WY86 T656n 1998 | |||
| 100 Tomey, Ann Marriner | |||
| 245 Nursing theorists and their work / Ann Marriner tomey and Martha Raile Alligood | |||
| 250 4 | |||
| 260 St.Louis Mosby 1998 | |||
| 300 555 p. | |||
| 650 Nursing theory | |||
| 998 1999-08-26 | |||
| 999 ^aใช้งานได้ทุกระบบ | |||
| คุณยังไม่ได้ล็อกอิน คุณสามารถมีกิจกรรมร่วมกับเว็บไซต์ได้ แต่ต้องล็อกอินก่อน :: |
|
| สถานะ | |||||||||
| 1. | หนังสือทั่วไป สถานะ=อยู่บนชั้นแสดงหนังสือ | WY86 T656n 1998 | On Shelf ขอยืม | ||||||
| [แสดง 1/1 รายการ] | |||||||||
BibComment |
| คอมเมนท์ทรัพยากรรายการนี้ |
|
|